الطاقة الشمسية / (رقم التسجيلة. 52301)

تفاصيل مارك
000 -LEADER
fixed length control field 00509nam a22001817a 4500
005 - DATE AND TIME OF LATEST TRANSACTION
control field 20251108170927.0
008 - FIXED-LENGTH DATA ELEMENTS--GENERAL INFORMATION
fixed length control field 250721s1982 xx 000 0 ara d
082 14 - DEWEY DECIMAL CLASSIFICATION NUMBER
Classification number 621.47/ميس
100 1# - MAIN ENTRY--PERSONAL NAME
Personal name ميسل،
Relator term إعداد
245 10 - TITLE STATEMENT
Title الطاقة الشمسية /
264 1# - PRODUCTION, PUBLICATION, DISTRIBUTION, MANUFACTURE, AND COPYRIGHT NOTICE
Place of production, publication, distribution, manufacture الموصل :
Name of producer, publisher, distributor, manufacturer دار الكتب،
Date of production, publication, distribution, manufacture, or copyright notice 1982.
300 ## - PHYSICAL DESCRIPTION
Extent 327ص
650 17 - SUBJECT ADDED ENTRY--TOPICAL TERM
Topical term or geographic name as entry element الحرارة
700 1# - ADDED ENTRY--PERSONAL NAME
Personal name بتلر،
700 1# - ADDED ENTRY--PERSONAL NAME
Personal name عزوز، عاصم عبد الكريم
Relator term ترجمة
942 ## - ADDED ENTRY ELEMENTS (KOHA)
Source of classification or shelving scheme Dewey Decimal Classification
Koha item type كتب
المقتنيات
حالة السحب حالة الفقدان مصدر التصنيف حالة التلف غير قابل للإعارة المكتبة الرئيسية المكتبة الحالية موقع الرف تاريخ التزويد الرقم المتسلسل Total Checkouts رقم الإستدعاء تاريخ آخر ظهور تاريخ الفاتورة نوع المادة (كوها)
    Dewey Decimal Classification Unchecked   مكتبة حمزة العامة مكتبة حمزة العامة الإعارة 06/07/2004 1468   621.47/ميس 28/07/2025 06/07/2004 كتب
Implemented & Customized by: BBB with SCIT (Smart Chains for Information Technology)

Powered by Koha